000 00719nam a2200229Ia 4500
003 OSt
005 20220925215301.0
006 a|||||r|||| 00| 0
007 ta
008 220923b |||||||| |||| 00| 0 eng d
020 _a0 435 828933 2
037 _cGeneral Book
040 _aRTL
_cRTL
_beng
041 _2eng
_aeng
082 _aY:6.46.N8, M4/TD
100 _aTurner Bryan S
245 0 _aCapitialism and class in the middle east
_b Theories of social change and economic development
260 _aLondon
_bHeinemann Publishers
_c1984
300 _a229p. Bibliography chapterwise
_ccm.
942 _hY:6.46.N8, M4/TD
_cGB
_2CC
999 _c568359
_d568359